Most Popular Characters In One Piece - Statistics

General Stats
  • This quiz has been taken 416 times
  • The average score is 44 of 100
Answer Stats
Hint Answer % Correct
#85 Big Mom
100%
#53 Akainu
99%
#36 Aokiji
99%
#7 Hancock
99%
#59 Kizaru
99%
#1 Luffy
99%
#22 Mr. 2
99%
#2 Zoro
98%
#4 Sanji
95%
#3 Nami
91%
#6 Robin
90%
#26 Brook
87%
#16 Chopper
87%
#28 Franky
87%
#18 Jinbe
85%
#15 Usopp
85%
#64 Kaido
84%
#12 Shanks
83%
#5 Law
82%
#9 Ace
81%
#44 Garp
80%
#17 Crocodile
79%
#10 Sabo
78%
#46 Blackbeard
76%
#31 Whitebeard
76%
#30 Mihawk
73%
#34 Buggy
72%
#20 Doflamingo
72%
#29 Gol D. Roger
70%
#62 Dragon
66%
#97 Bartholomew Kuma
64%
#21 Vivi
64%
#14 Katakuri
63%
#23 Kidd
63%
#84 Jewelry Bonney
58%
#19 Marco
56%
#74 Gecko Moria
55%
#33 Rayleigh
54%
#42 Koby
52%
#43 Rob Lucci
52%
#11 Yamato
49%
#55 Killer
48%
#24 Oden
47%
#27 Smoker
47%
#77 Kaku
46%
#35 Enel
45%
#91 Kin'emon
45%
#8 Carrot
41%
#81 Basil Hawkins
39%
#52 Fujitora
39%
#50 Shirahoshi
39%
#38 Tashigi
37%
#41 X Drake
37%
#68 Rebecca
36%
#65 Bepo
34%
#25 Perona
34%
#40 Bartolomeo
32%
#45 Pudding
32%
#70 Urouge
29%
#58 Koala
28%
#13 Corazon
26%
#92 Zeff
25%
#98 Charlotte Cracker
23%
#73 Cavendish
22%
#39 Reiju
22%
#61 Pedro
21%
#89 Charlotte Mont-d,Or
20%
#94 Charlotte Perospero
19%
#75 Karoo
18%
#49 Hiyori
17%
#48 Izo
17%
#32 Going Merry
16%
#76 Monet
16%
#93 Vista
16%
#83 Gin
15%
#63 Thousand Sunny
15%
#51 Pell
14%
#56 Ulti
14%
#72 Senor Pink
13%
#82 Denjiro
11%
#69 Paulie
11%
#67 Dr. Hiriluk
9%
#60 Gaimon
9%
#80 Bellemere
8%
#95 Kawamatsu
8%
#79 Morgans
8%
#54 Otama
7%
#96 Pandaman
7%
#87 Wyper
7%
#90 Caeser Clown
4%
#47 Okiku
4%
#37 Woop Slap
4%
#57 Benn Beckmann
2%
#78 Orlumbus
2%
#66 Rockstar
2%
#88 Kung-Fu Dugong
1%
#99 Shou Shou
1%
#100 LaSteroid Daddy Hack The 5th
0%
#86 Marguerete
0%
#71 Namule
0%
No matching quizzes found
Score Distribution
Percent of People with Each Score
Percentile by Number Answered
Your Score History
You have not taken this quiz